Biggest Cities in the United States in 2010 - Statistics

General Stats
  • This quiz has been taken 2 times
  • The average score is 55 of 100
Answer Stats
Population State City % Correct
790,390 TX Austin
100%
2,695,598 IL Chicago
100%
396,815 OH Cleveland
100%
787,033 OH Columbus
100%
713,777 MI Detroit
100%
2,099,451 TX Houston
100%
820,445 IN Indianapolis
100%
3,792,621 CA Los Angeles
100%
8,175,133 NY New York
100%
1,526,006 PA Philadelphia
100%
945,942 CA San Jose
100%
545,852 NM Albuquerque
50%
336,265 CA Anaheim
50%
291,826 AK Anchorage
50%
365,438 TX Arlington
50%
420,003 GA Atlanta
50%
325,078 CO Aurora
50%
347,483 CA Bakersfield
50%
620,961 MD Baltimore
50%
229,493 LA Baton Rouge
50%
212,237 AL Birmingham
50%
617,594 MA Boston
50%
261,310 NY Buffalo
50%
236,123 AZ Chandler
50%
731,424 NC Charlotte
50%
222,209 VA Chesapeake
50%
243,916 CA Chula Vista
50%
296,943 OH Cincinnati
50%
416,427 CO Colorado Springs
50%
305,215 TX Corpus Christi
50%
1,197,816 TX Dallas
50%
600,158 CO Denver
50%
228,330 NC Durham
50%
649,121 TX El Paso
50%
253,691 IN Fort Wayne
50%
741,206 TX Fort Worth
50%
214,089 CA Fremont
50%
494,665 CA Fresno
50%
226,876 TX Garland
50%
226,721 AZ Glendale
50%
269,666 NC Greensboro
50%
257,729 NV Henderson
50%
224,669 FL Hialeah
50%
337,256 HI Honolulu
50%
212,375 CA Irvine
50%
216,290 TX Irving
50%
821,784 FL Jacksonville
50%
247,597 NJ Jersey City
50%
459,787 MO Kansas City
50%
236,091 TX Laredo
50%
583,756 NV Las Vegas
50%
295,803 KY Lexington
50%
258,379 NE Lincoln
50%
462,257 CA Long Beach
50%
597,337 KY Louisville
50%
229,573 TX Lubbock
50%
233,209 WI Madison
50%
646,889 TN Memphis
50%
439,041 AZ Mesa
50%
399,457 FL Miami
50%
594,833 WI Milwaukee
50%
382,578 MN Minneapolis
50%
601,222 TN Nashville
50%
277,140 NJ Newark
50%
343,,829 LA New Orleans
50%
242,803 VA Norfolk
50%
216,961 NV North Las Vegas
50%
390,724 CA Oakland
50%
579,999 OK Oklahoma City
50%
408,958 NE Omaha
50%
238,300 FL Orlando
50%
1,445,632 AZ Phoenix
50%
305,704 PA Pittsburgh
50%
259,841 TX Plano
50%
583,776 OR Portland
50%
403,892 NC Raleigh
50%
225,221 NV Reno
50%
303,871 CA Riverside
50%
210,565 NY Rochester
50%
466,488 CA Sacramento
50%
285,068 MN Saint Paul
50%
244,769 FL Saint Petersburg
50%
1,327,407 TX San Antonio
50%
209,924 CA San Bernardino
50%
1,307,402 CA San Diego
50%
805,235 CA San Francisco
50%
324,528 CA Santa Ana
50%
217,385 AZ Scottsdale
50%
608,660 WA Seattle
50%
319,294 MO St. Louis
50%
291,707 CA Stockton
50%
335,709 FL Tampa
50%
287,208 OH Toledo
50%
520,116 AZ Tucson
50%
391,906 OK Tulsa
50%
437,994 VA Virginia Beach
50%
601,723 DC Washington
50%
382,368 KS Wichita
50%
229,617 NC Winston-Salem
50%
395,326 PR San Juan
0%
No matching quizzes found
Score Distribution
Percent of People with Each Score
Percentile by Number Answered
Your Score History
You have not taken this quiz